Library Banner

Islam ki dawat/ (Record no. 102137)

MARC details
000 -LEADER
fixed length control field 00391nam a22001457a 4500
005 - DATE AND TIME OF LATEST TRANSACTION
control field 20180125094917.0
008 - FIXED-LENGTH DATA ELEMENTS--GENERAL INFORMATION
fixed length control field 180125b xxu||||| |||| 00| 0 eng d
040 ## - CATALOGING SOURCE
Transcribing agency PK-LaUMT
082 ## - DEWEY DECIMAL CLASSIFICATION NUMBER
Classification number PKAC 297.74
Item number JAL-I
100 ## - MAIN ENTRY--PERSONAL NAME
Personal name Jala ud din Umari
245 ## - TITLE STATEMENT
Title Islam ki dawat/
Statement of responsibility, etc Jala ud din Umari
260 ## - PUBLICATION, DISTRIBUTION, ETC. (IMPRINT)
Place of publication, distribution, etc دہلی:
Name of publisher, distributor, etc مرکزی مکتبہ اسلامی
Date of publication, distribution, etc 1996
300 ## - PHYSICAL DESCRIPTION
Extent 204
942 ## - ADDED ENTRY ELEMENTS (KOHA)
Koha item type Books
Holdings
Withdrawn status Lost status Damaged status Home library Current library Date acquired Full call number Barcode Date last seen Price effective from Koha item type
      UMT Main Campus UMT Main Campus 2018-01-25 PKAC 297.74 JAL-I 118109 2018-01-25 2018-01-25 Books